书目信息 |
| 题名: |
中国现代史词典
|
|
| 作者: | 王金铻 , 陈瑞云 主编 | |
| 分册: | ||
| 出版信息: | 长春 吉林文史出版社 1988.07 |
|
| 页数: | 887页 | |
| 开本: | 22cm | |
| 丛书名: | ||
| 单 册: | ||
| 中图分类: | K26-61 | |
| 科图分类: | ||
| 主题词: | 中国--现代史--1919~1949--词典 , 中国--历史 | |
| 电子资源: | ||
| ISBN: | 7-80528-074-6 | |
| 000 | 00646nam0 2200217 45 | |
| 001 | 0504301123 | |
| 005 | 20061116085601.79 | |
| 010 | @a7-80528-074-6@dCNY9.70 | |
| 100 | @a20050430d1988 km y0chiy0120 ea | |
| 101 | 0 | @achi |
| 105 | @a z 000yy | |
| 200 | 1 | @a中国现代史词典@AZhong Guo Xian Dai Shi Ci Dian@f王金铻,陈瑞云主编@FWang Jin Yu,Chen Rui Yun Zhu Bian |
| 210 | @a长春@c吉林文史出版社@d1988.07 | |
| 215 | @a887页@d22cm | |
| 606 | 0 | @a中国@x现代史@x1919~1949@x词典 |
| 606 | 0 | @a中国@x历史 |
| 690 | @aK26-61@v3 | |
| 701 | 0 | @a王金铻@4主编 |
| 701 | 0 | @a陈瑞云@4主编 |
| 801 | @aCN@bPftUser@c20061116 | |
| 905 | @f1@b214574@dK26-61@e64 | |
| 中国现代史词典/王金铻,陈瑞云主编.-长春:吉林文史出版社,1988.07 |
| 887页;22cm |
| ISBN 7-80528-074-6:CNY9.70 |
| ● |
| 相关链接 |
|
|
|
|
正题名:中国现代史词典
索取号:K26-61/64
 
预约/预借
| 序号 | 登录号 | 条形码 | 馆藏地/架位号 | 状态 | 备注 |
| 1 | 0214574 | 000807050 | 工具书阅览室/ [索取号:K26-61/64] | 在馆 | |
| 2 | 0214575 | 202087044 | 第二样本阅览室/ [索取号:K26-61/64] | 在馆 |